书目信息 |
| 题名: |
军营中的心理学
|
|
| 作者: | 吴欣 , 林莉 编著 | |
| 分册: | ||
| 出版信息: | 北京 中国轻工业出版社 2012 |
|
| 页数: | 390页 | |
| 开本: | 26cm | |
| 丛书名: | ||
| 单 册: | ||
| 中图分类: | E0-051 | |
| 科图分类: | ||
| 主题词: | 军事心理学 | |
| 电子资源: | ||
| ISBN: | 978-7-5019-9017-7 | |
| 000 | 00870nam0 2200229 450 | |
| 001 | 1599 | |
| 005 | 20180522131646.49 | |
| 010 | @a978-7-5019-9017-7@dCNY52.00 | |
| 100 | @a20130127d2012 em y0chiy50 ea | |
| 101 | 0 | @achi |
| 102 | @aCN@b110000 | |
| 105 | @aa z 000yy | |
| 200 | 1 | @a军营中的心理学@9jun ying zhong de xin li xue@e理论与实务@f吴欣,林莉编著 |
| 210 | @a北京@c中国轻工业出版社@d2012 | |
| 215 | @a390页@c图@d26cm | |
| 330 | @a本书是一本专门针对军队广大官兵和军校学员心理健康问题的著作,作者在简要介绍心理学相关知识之后,将主要篇幅用于描述如何运用心理学知识来改善军人的军旅生活和促进他们的健康成长上,最后,以心理战和心理学在军队中的发展前景做了阐释。 | |
| 606 | 0 | @a军事心理学 |
| 690 | @aE0-051@v5 | |
| 701 | 0 | @a吴欣@9wu xin@c(心理学)@4编著 |
| 701 | 0 | @a林莉@9lin li@c(心理学)@4编著 |
| 801 | 0 | @aCN@b91MARC@c20130904 |
| 905 | @aMuseLib@dE0-051@e26 | |
| 军营中的心理学:理论与实务/吴欣,林莉编著.-北京:中国轻工业出版社,2012 |
| 390页:图;26cm |
| ISBN 978-7-5019-9017-7:CNY52.00 |
| 本书是一本专门针对军队广大官兵和军校学员心理健康问题的著作,作者在简要介绍心理学相关知识之后,将主要篇幅用于描述如何运用心理学知识来改善军人的军旅生活和促进他们的健康成长上,最后,以心理战和心理学在军队中的发展前景做了阐释。 |
| ● |
| 相关链接 |
|
|
|
|
正题名:军营中的心理学
索取号:E0-051/26
 
预约/预借
| 序号 | 登录号 | 条形码 | 馆藏地/架位号 | 状态 | 备注 |
| 1 | 1105479 | 211054794 | 第一样本阅览室/ [索取号:E0-051/26] | 在馆 | |
| 2 | 1105480 | 211054801 | 教育系资料室/ [索取号:E0-051/26] | 在馆 | |
| 3 | 1105481 | 211054810 | 教育系资料室/ [索取号:E0-051/26] | 在馆 | |
| 4 | 1105482 | 211054829 | 教育系资料室/ [索取号:E0-051/26] | 在馆 | |
| 5 | 1105483 | 211054838 | 第一借阅区/ [索取号:E0-051/26] | 在馆 | |
| 6 | 1105484 | 211054847 | 第一借阅区/ [索取号:E0-051/26] | 在馆 |